| 000 | 00355cam a2200145ua 4500 | ||
|---|---|---|---|
| 041 |
_aeng _h |
||
| 082 |
_a930 _bWOO/DI |
||
| 100 | _aWoolley, Leonard . | ||
| 245 |
_aDigging up the past / _cLeonard Woolley. _hTextual Documents |
||
| 260 |
_aLondon : _bErnest Benn Ltd , _c1954. |
||
| 300 | _a122 ; . | ||
| 504 | _a | ||
| 942 | _cBK | ||
| 999 |
_c1248 _d1248 |
||